Filozofia Časopis Ústavu filozofie a sociológie Slovenskej akadémie vied

Saved in:
Bibliographic Details
Format: Serial
Language:Slovak
Published: Bratislava Veda 1988
Tags: Add Tag
No Tags, Be the first to tag this record!

MARC

LEADER 00000nas2a2200000 4500
001 s034286
005 20250730114145.0
041 0 |a slo 
044 |a SK 
245 1 0 |a Filozofia  |b Časopis Ústavu filozofie a sociológie Slovenskej akadémie vied 
264 1 |a Bratislava  |b Veda  |c 1988 
773 0 |w eu_un_cat*s120050